000 01332naa a22003377a 4500
001 BR7903153
003 BR-BrBNA
005 20240918174403.0
007 ta
008 230509b bl.||||| |||| 00| 0 por d
040 _aBR-BrBNA
_bpor
_cBiblioteca Nacional de Agricultura
041 _a(Pt)
072 _aF60; F25
_b0336
_b3830
090 _aF60 BR7903153
100 1 _aCordeiro, D.S.
100 1 _aSfredo, G.J.
100 1 _aBorkert, C.M.
100 1 _aCampo, R.J.
111 1 _a3. Reuniao de Pesquisa de Soja da Regiao Centro; 7. Reuniao de Pesquisa de Soja da Regiao Sul; 3. Reuniao de Pesquisa de Soja das Regioes Norte e Nordeste
_cDourados, MS (Brazil); Porto Alegre, RS (Brazil); Sao Luis, MA (Brazil)
_d3 Jul 1979; 30 Jul 1979; 14 Aug 1979
245 1 _aNutricao vegetal [fertilizante fosfatado, soja, Glycine max]
260 3 _aLondrina, PR (Brasil):
_c1979.
500 _aResultados de pesquisa de soja 1978/79 Londrina, PR (Brasil): 1979. p. 138-164 (BR7903153-AM)F60
650 _aFISIOLOGIA VEGETAL
650 _aFERTILIDADE DO SOLO
650 _aSOJA
650 _aFERTILIZANTE FOSFATADO
650 _aNUTRICAO VEGETAL
773 0 _tResultados de pesquisa de soja 1978/79
_wF60 BR7903153
_gLondrina, PR (Brasil), 1979. p. 138-164
909 _a202404
_bLucia
_c55
_dLucia Elande
942 _cAM
_2AGRIS
999 _c310913
_d310913